| 000 | 00661nam a2200205Ia 4500 | ||
|---|---|---|---|
| 999 |
_c21870 _d21870 |
||
| 082 | _aTS.0861 | ||
| 100 | _aSankhala, Gopal | ||
| 245 | 0 | _aStudy on training needs of tribal dairy farmers in Rajasthan | |
| 260 |
_c1994 _bNational Dairy Research Institute, Karnal |
||
| 300 | _a350p. | ||
| 650 | _aAGRICULTURAL INDUSTRIES - EMPLOYEES///DAIRY FARMERS | ||
| 650 | _aDAIRYING///DAIRY FARMERS | ||
| 650 | _aDAIRYING///DAIRY FARMERS | ||
| 650 | _aDAIRY FARMERS - RAJASTHAN | ||
| 650 | _aTRIBAL DAIRY FARMERS | ||
| 650 | _aOCCUPATIONAL TRAINING - RAJASTHAN | ||
| 650 | _aTRIBES AND TRIBALS///TRIBAL DAIRY FARMERS | ||
| 710 | _aRam Chand | ||
| 942 |
_cTH _2ddc |
||